000 00340nam a2200121Ia 4500
008 190722s9999 xx 000 0 und d
020 _a978-81-203-4949-0
100 _aR. Narayanaswamy
245 0 _aFinancial Accounting (A Managerial Perspective)
260 _aDelhi (India)
_bPHI Learning Private Limited
_c2014
300 _a650
942 _cBK
999 _c609
_d609